Celoštátna vedecká konferencia venovaná nedožitým 75. narodeninám doc. MUDr. M. Toldyho, CSc., Lúčky pri Ružomberku 14.-15.12.2001

Podrobná bibliografia
Hlavní autori: Mlynček, Miloš, 1952- (Autor), Sýkora, Ľubomír, 1953- (Autor)
Médium: Článok
Jazyk:slovenčina
ISSN:1335-4221
Predmet:

MARC

LEADER 00000nab a2200000 a 4500
001 vtls000816513
003 SK-MaSNL
005 20260304215210.0
008 250429c2002 xo 0 slo
015 |a SNBRB2002/12-39428 
035 |a CLN000168168 
035 |a urn:nbn:sk:snk-ab34b6 
035 |a (urnnbn)urn:nbn:sk:snk:ar-a05uth 
035 |a (uuid)77d1ca79-e1bd-40df-a651-2a50b230a413 
040 |a SNKBUCL  |b slo  |c SNKBUCL  |e AACR2 
041 0 |a slo 
044 |a xo  |c SK 
080 |a 618.146-006.6:061.3  |2 1997 
100 1 |a Mlynček, Miloš,  |d 1952-  |4 aut  |9 190567 
245 1 0 |a Celoštátna vedecká konferencia venovaná nedožitým 75. narodeninám doc. MUDr. M. Toldyho, CSc., Lúčky pri Ružomberku 14.-15.12.2001  |c Miloš Mlynček, Ľubomír Sýkora 
600 1 7 |a Toldy, Mikuláš,  |d 1926-1996  |2 snkbucl  |9 201553 
650 0 7 |a kongresy  |2 SNKPH  |9 19200 
650 0 7 |a diagnóza  |2 SNKPH  |9 2604 
650 0 7 |a rádioterapia  |2 SNKPH  |9 2580 
650 0 7 |a farmakoterapia  |2 SNKPH  |9 14158 
650 0 7 |a neplodnosť  |2 SNKPH  |9 2547 
650 0 7 |a syndróm polycystických ovárií  |2 SNK  |9 14124 
650 0 7 |a Celoštátna vedecká konferencia venovaná nedožitým 75. narodeninám doc. MUDr. M. Toldyho, CSc.  |2 snkbucl  |9 1549663 
650 0 7 |a nádory krčka maternice  |2 SNKPH  |9 92563 
650 0 7 |a terapia  |2 SNKPH  |9 781 
650 0 7 |a dietoterapia  |2 SNKPH  |9 22112 
655 7 |a články z novín a časopisov  |2 SNK  |9 267496 
700 1 |a Sýkora, Ľubomír,  |d 1953-  |4 aut  |9 228706 
773 0 |t Praktická gynekológia  |g Roč. 9, č. 1 (2002), s. 37-40  |x 1335-4221 
850 |a Slovenská národná knižnica 
852 |a Slovenská národná knižnica 
954 |a odborná, vedecká literatúra pôvodná (slovenská)  |2 lita 
958 |a article27 
958 |a MI 
958 |a OND 
958 |a EUIPO 
999 |c 3145261  |d 3147191